000 00415pab a2200145 454500
008 180718b1987 xxu||||| |||| 00| 0 eng d
100 _aPandian, M.S.S.
245 _aRainfall as an instrument of production in late nineteenth - century Nanchilnadu, India
260 _c1987
300 _a61-82
362 _aOct.
650 _aFarm Produce - India - Kerala
773 _aJournal of Peasant Studies
909 _a8134
999 _c8134
_d8134